Island Nations by Shape - Statistics

General Stats
  • This quiz has been taken 36 times
  • The average score is 23 of 32
Answer Stats
Picture Answer % Correct
Cuba
95%
Cyprus
95%
Philippines
95%
Bahamas
91%
Jamaica
91%
Nauru
91%
Malta
86%
Barbados
82%
Maldives
82%
Micronesia
82%
Brunei
77%
Saint Kitts and Nevis
77%
Solomon Islands
77%
St. Vincent and the Grenadines
77%
Fiji
73%
Marshall Islands
73%
Saint Lucia
73%
Vanuatu
73%
Antigua and Barbuda
68%
Cape Verde
68%
Dominica
64%
São Tomé and Príncipe
64%
Bahrain
59%
Grenada
59%
Samoa
59%
Seychelles
55%
Tonga
55%
Tuvalu
55%
Comoros
50%
Kiribati
50%
Mauritius
41%
Palau
41%
No matching quizzes found
Score Distribution
Percent of People with Each Score
Percentile by Number Answered
Your Score History
You have not taken this quiz